[Event "Poznan Chess Festival"]
[Site "chess24.com"]
[Date "2021.08.21"]
[Round "8"]
[White "Lakowski, Krzysztof"]
[Black "Nowak, Samuel"]
[Result "0-1"]
[Board "47"]
[WhiteElo "1186"]
[WhiteCountry "POL"]
[WhiteFideId "21826439"]
[WhiteEloChange "-14"]
[BlackElo "1054"]
[BlackCountry "POL"]
[BlackFideId "21097909"]
[BlackEloChange "14"]

1. e4 {[%clk 1:30:30]} c6 {[%clk 1:30:30]} 2. d4 {[%clk 1:30:30]} d5 {[%clk
1:30:30]} 3. exd5 {[%clk 1:30:30]} cxd5 {[%clk 1:30:30]} 4. Nf3 {[%clk 1:30:30]}
g6 {[%clk 1:30:30]} 5. c4 {[%clk 1:30:30]} Bg7 {[%clk 1:30:30]} 6. Nc3 {[%clk
1:30:30]} Nf6 {[%clk 1:30:30]} 7. h3 {[%clk 1:30:30]} O-O {[%clk 1:30:30]} 8. Be3
{[%clk 1:30:30]} Be6 {[%clk 1:30:30]} 9. Ng5 {[%clk 1:30:30]} Bc8 {[%clk
1:30:30]} 10. Qf3 {[%clk 1:30:30]} h6 {[%clk 1:30:30]} 11. h4 {[%clk 1:30:30]} e6
{[%clk 1:30:30]} 12. Nh3 {[%clk 1:30:30]} Qb6 {[%clk 1:30:30]} 13. Qe2 {[%clk
1:30:30]} Nc6 {[%clk 1:30:30]} 14. c5 {[%clk 1:30:30]} Qc7 {[%clk 1:30:30]} 15.
f3 {[%clk 1:30:30]} b6 {[%clk 1:30:30]} 16. Nb5 {[%clk 1:30:30]} Qd7 {[%clk
1:30:30]} 17. Nd6 {[%clk 1:30:30]} Ne8 {[%clk 1:30:30]} 18. Qd2 {[%clk 1:30:30]}
Nxd6 {[%clk 1:30:30]} 19. cxd6 {[%clk 1:30:30]} Qxd6 {[%clk 1:30:30]} 20. h5
{[%clk 1:30:30]} Qb4 {[%clk 1:30:30]} 21. Rd1 {[%clk 1:30:30]} Qxd2+ {[%clk
1:30:30]} 22. Rxd2 {[%clk 1:30:30]} Bb7 {[%clk 1:30:59]} 23. f4 {[%clk 1:30:30]}
Rac8 {[%clk 1:30:59]} 24. a3 {[%clk 1:30:30]} Na5 {[%clk 1:30:59]} 25. Nf2 {[%clk
1:30:30]} Nc4 {[%clk 1:30:59]} 26. Bxc4 {[%clk 1:30:30]} Rxc4 {[%clk 1:30:59]}
27. g4 {[%clk 1:30:30]} Rc1+ {[%clk 1:30:59]} 28. Nd1 {[%clk 1:30:30]} Rfc8
{[%clk 1:30:59]} 29. g5 {[%clk 1:30:30]} hxg5 {[%clk 1:30:59]} 30. fxg5 {[%clk
1:30:30]} R1c2 {[%clk 1:30:59]} 31. Rxc2 {[%clk 1:30:30]} Rxc2 {[%clk 1:30:59]}
32. h6 {[%clk 1:30:30]} Bf8 {[%clk 1:30:59]} 33. h7+ {[%clk 1:30:30]} Kh8 {[%clk
1:30:59]} 34. Bf4 {[%clk 1:30:30]} Bg7 {[%clk 1:30:59]} 35. Be5 {[%clk 1:30:30]}
Bxe5 {[%clk 1:30:59]} 36. dxe5 {[%clk 1:30:30]} Ba6 {[%clk 1:30:59]} 37. Nf2
{[%clk 1:30:30]} Re2+ {[%clk 1:30:59]} 38. Kf1 {[%clk 1:30:30]} Rxe5+ {[%clk
1:30:59]} 39. Kg2 {[%clk 1:30:30]} Rxg5+ {[%clk 1:30:59]} 40. Kf3 {[%clk
1:30:30]} Rh5 {[%clk 1:30:59]} 41. Rc1 {[%clk 1:30:30]} Bc4 {[%clk 1:30:59]} 0-1

[Event "Poznan Chess Festival"]
[Site "chess24.com"]
[Date "2021.08.22"]
[Round "9"]
[White "Niekras, Dawid"]
[Black "Nowak, Mikolaj"]
[Result "0-1"]
[Board "1"]
[WhiteElo "2289"]
[WhiteTitle "FM"]
[WhiteCountry "POL"]
[WhiteFideId "1160451"]
[WhiteEloChange "-9"]
[BlackElo "2313"]
[BlackCountry "POL"]
[BlackFideId "1191365"]
[BlackEloChange "9"]

1. e4 {[%clk 1:30:57]} c5 {[%clk 1:30:56]} 2. Nf3 {[%clk 1:31:21]} e6 {[%clk
1:31:22]} 3. d4 {[%clk 1:31:43]} cxd4 {[%clk 1:31:48]} 4. Nxd4 {[%clk 1:32:07]}
Bc5 {[%clk 1:32:13]} 5. Nb3 {[%clk 1:31:10]} Bb6 {[%clk 1:31:48]} 6. Nc3 {[%clk
1:31:14]} Ne7 {[%clk 1:32:10]} 7. Bd3 {[%clk 1:24:11]} O-O {[%clk 1:30:11]} 8.
O-O {[%clk 1:23:11]} f5 {[%clk 1:30:14]} 9. Qh5 {[%clk 0:54:12]} Nbc6 {[%clk
1:23:37]} 10. Bg5 {[%clk 0:50:12]} h6 {[%clk 1:07:53]} 11. exf5 {[%clk 0:43:36]}
hxg5 {[%clk 1:04:29]} 12. fxe6 {[%clk 0:40:36]} Rf6 {[%clk 0:49:32]} 13. Qh7+
{[%clk 0:14:24]} Kf8 {[%clk 0:49:57]} 14. Qh8+ {[%clk 0:14:48]} Ng8 {[%clk
0:50:21]} 15. Bh7 {[%clk 0:14:50]} Ne7 {[%clk 0:49:23]} 16. exd7 {[%clk 0:07:05]}
Qxd7 {[%clk 0:42:39]} 17. Rae1 {[%clk 0:05:46]} Rh6 {[%clk 0:36:12]} 18. Rxe7
{[%clk 0:05:23]} Rxh7 {[%clk 0:36:31]} 19. Qxh7 {[%clk 0:04:34]} Qxe7 {[%clk
0:34:52]} 20. Nd5 {[%clk 0:04:41]} Qf7 {[%clk 0:29:28]} 21. Nxb6 {[%clk 0:02:30]}
axb6 {[%clk 0:28:30]} 22. Qd3 {[%clk 0:02:26]} Nf6 {[%clk 0:25:02]} 23. Re1
{[%clk 0:01:51]} Qd5 {[%clk 0:21:55]} 24. Qe3 {[%clk 0:01:02]} Bd7 {[%clk
0:20:53]} 25. Qxb6 {[%clk 0:01:01]} Bc6 {[%clk 0:20:26]} 26. f3 {[%clk 0:01:26]}
Rxa2 {[%clk 0:17:51]} 27. Qb4+ {[%clk 0:00:48]} Kg8 {[%clk 0:17:59]} 28. Qc3
{[%clk 0:00:34]} Ra4 {[%clk 0:14:24]} 29. Qe3 {[%clk 0:00:35]} g4 {[%clk
0:13:18]} 30. Nd2 {[%clk 0:00:44]} gxf3 {[%clk 0:11:31]} 31. Nxf3 {[%clk
0:01:06]} Re4 {[%clk 0:10:58]} 32. Qc3 {[%clk 0:01:08]} Rc4 {[%clk 0:09:25]} 33.
Qb3 {[%clk 0:00:34]} Rg4 {[%clk 0:08:33]} 34. Qxd5+ {[%clk 0:00:47]} Bxd5 {[%clk
0:08:57]} 35. Re3 {[%clk 0:00:51]} Ra4 {[%clk 0:08:36]} 36. b3 {[%clk 0:00:38]}
Ra1+ {[%clk 0:08:47]} 37. Ne1 {[%clk 0:00:38]} Kf7 {[%clk 0:08:18]} 38. h3 {[%clk
0:00:58]} Be4 {[%clk 0:08:12]} 39. Kf2 {[%clk 0:00:41]} g5 {[%clk 0:07:46]} 40.
Re2 {[%clk 0:00:49]} Kg6 {[%clk 0:07:23]} 41. Ke3 {[%clk 0:00:48]} Rd1 {[%clk
0:07:10]} 42. Nf3 {[%clk 0:00:57]} Bxf3 {[%clk 0:06:16]} 43. Kxf3 {[%clk
0:01:25]} Nd5 {[%clk 0:05:59]} 44. Re6+ {[%clk 0:00:39]} Kf5 {[%clk 0:05:24]} 45.
Rd6 {[%clk 0:01:04]} Ke5 {[%clk 0:04:53]} 46. Rd7 {[%clk 0:00:45]} b6 {[%clk
0:04:02]} 47. Rg7 {[%clk 0:00:44]} Kf5 {[%clk 0:03:28]} 48. Rb7 {[%clk 0:00:39]}
Rc1 {[%clk 0:03:22]} 49. c4 {[%clk 0:00:54]} Rc3+ {[%clk 0:03:08]} 50. Kf2 {[%clk
0:01:22]} Nf4 {[%clk 0:02:39]} 51. Rxb6 {[%clk 0:01:08]} Ke4 {[%clk 0:02:43]} 52.
Rd6 {[%clk 0:00:38]} Rc2+ {[%clk 0:02:55]} 53. Ke1 {[%clk 0:00:50]} Nxg2+ {[%clk
0:02:51]} 54. Kd1 {[%clk 0:01:15]} Ne3+ {[%clk 0:03:04]} 55. Ke1 {[%clk 0:01:43]}
Rh2 {[%clk 0:02:38]} 56. Re6+ {[%clk 0:00:53]} Kf4 {[%clk 0:02:50]} 57. Rf6+
{[%clk 0:00:37]} Nf5 {[%clk 0:02:55]} 58. c5 {[%clk 0:00:43]} Rxh3 {[%clk
0:02:54]} 59. b4 {[%clk 0:00:50]} Rb3 {[%clk 0:02:49]} 60. Kd2 {[%clk 0:00:36]}
Rxb4 {[%clk 0:02:51]} 61. Kc3 {[%clk 0:00:56]} Rb1 {[%clk 0:02:24]} 62. Kc4
{[%clk 0:01:19]} g4 {[%clk 0:02:11]} 63. Kd5 {[%clk 0:00:42]} Kg5 {[%clk
0:02:05]} 64. Ra6 {[%clk 0:00:38]} g3 {[%clk 0:01:54]} 65. Ra2 {[%clk 0:01:02]}
Kf4 {[%clk 0:01:55]} 66. Ra4+ {[%clk 0:01:14]} Kf3 {[%clk 0:02:01]} 67. Ke5
{[%clk 0:01:31]} Rc1 {[%clk 0:01:52]} 68. Rf4+ {[%clk 0:01:24]} Kg2 {[%clk
0:01:12]} 69. Kxf5 {[%clk 0:00:57]} Rxc5+ {[%clk 0:01:30]} 70. Kg4 {[%clk
0:01:22]} Kh2 {[%clk 0:01:32]} 71. Rf8 {[%clk 0:01:28]} g2 {[%clk 0:01:40]} 72.
Rh8+ {[%clk 0:01:53]} Kg1 {[%clk 0:02:05]} 73. Rf8 {[%clk 0:01:44]} Rc7 {[%clk
0:01:55]} 74. Kg3 {[%clk 0:01:31]} Rg7+ {[%clk 0:02:06]} 75. Kf3 {[%clk 0:01:33]}
Kf1 {[%clk 0:02:27]} 76. Ke3+ {[%clk 0:01:57]} Ke1 {[%clk 0:02:49]} 77. Ra8
{[%clk 0:02:18]} g1=Q+ {[%clk 0:03:02]} 0-1

[Event "Poznan Chess Festival"]
[Site "chess24.com"]
[Date "2021.08.22"]
[Round "9"]
[White "Jaskolka, Tomasz"]
[Black "Poltorak, Sebastian"]
[Result "1/2-1/2"]
[Board "2"]
[WhiteElo "2220"]
[WhiteTitle "CM"]
[WhiteCountry "POL"]
[WhiteFideId "1170791"]
[BlackElo "2205"]
[BlackCountry "POL"]
[BlackFideId "1199498"]

1. d4 {[%clk 1:30:59]} Nf6 {[%clk 1:30:46]} 2. c4 {[%clk 1:31:20]} g6 {[%clk
1:31:11]} 3. g3 {[%clk 1:31:43]} Bg7 {[%clk 1:31:28]} 4. Bg2 {[%clk 1:32:09]} d5
{[%clk 1:31:54]} 5. e3 {[%clk 1:28:23]} O-O {[%clk 1:30:21]} 6. Ne2 {[%clk
1:28:51]} c6 {[%clk 1:25:06]} 7. O-O {[%clk 1:29:06]} dxc4 {[%clk 1:24:29]} 8.
Nd2 {[%clk 1:27:51]} e5 {[%clk 1:12:03]} 9. dxe5 {[%clk 1:21:01]} Ng4 {[%clk
1:12:05]} 10. Nxc4 {[%clk 1:21:03]} Nxe5 {[%clk 1:11:28]} 11. Nd6 {[%clk
1:17:40]} Bg4 {[%clk 1:06:30]} 12. f3 {[%clk 1:08:21]} Nxf3+ {[%clk 1:06:54]} 13.
Bxf3 {[%clk 1:08:48]} Bxf3 {[%clk 1:07:19]} 14. Rxf3 {[%clk 1:09:16]} Be5 {[%clk
1:07:44]} 15. e4 {[%clk 1:09:33]} Qxd6 {[%clk 1:02:54]} 16. Qb3 {[%clk 1:01:25]}
Qc5+ {[%clk 0:58:03]} 17. Kg2 {[%clk 0:52:33]} Qb5 {[%clk 0:56:54]} 18. Qxb5
{[%clk 0:52:30]} cxb5 {[%clk 0:57:19]} 19. Rb3 {[%clk 0:52:54]} a6 {[%clk
0:53:15]} 20. a4 {[%clk 0:52:14]} Nd7 {[%clk 0:49:11]} 21. axb5 {[%clk 0:50:21]}
Nc5 {[%clk 0:49:34]} 22. Rba3 {[%clk 0:50:11]} Rac8 {[%clk 0:45:20]} 23. bxa6
{[%clk 0:48:11]} bxa6 {[%clk 0:45:46]} 24. Nc3 {[%clk 0:44:12]} Rb8 {[%clk
0:42:06]} 25. R1a2 {[%clk 0:39:09]} Nd3 {[%clk 0:36:22]} 26. Bh6 {[%clk 0:31:38]}
Rfe8 {[%clk 0:36:11]} 27. Nd5 {[%clk 0:30:45]} Nc5 {[%clk 0:31:28]} 28. b4 {[%clk
0:20:51]} Nxe4 {[%clk 0:31:13]} 29. Rxa6 {[%clk 0:20:46]} Nc3 {[%clk 0:29:38]}
30. Rd2 {[%clk 0:18:46]} Bg7 {[%clk 0:21:04]} 31. Bf4 {[%clk 0:14:44]} Rb7 {[%clk
0:15:17]} 32. Nc7 {[%clk 0:06:41]} Rc8 {[%clk 0:14:30]} 33. Rc6 {[%clk 0:06:06]}
h6 {[%clk 0:13:01]} 34. Rc2 {[%clk 0:04:49]} g5 {[%clk 0:12:58]} 35. Bd6 {[%clk
0:05:04]} Ne4 {[%clk 0:12:45]} 36. Nd5 {[%clk 0:05:05]} Rd8 {[%clk 0:11:52]} 37.
Ne7+ {[%clk 0:03:54]} Kh7 {[%clk 0:12:08]} 38. Nf5 {[%clk 0:04:05]} Nxd6 {[%clk
0:10:59]} 39. Nxd6 {[%clk 0:03:01]} Rxb4 {[%clk 0:11:10]} 40. Nxf7 {[%clk
0:03:05]} Rd5 {[%clk 0:10:53]} 41. Nd6 {[%clk 0:01:57]} Rbd4 {[%clk 0:11:13]} 42.
Ne8 {[%clk 0:01:16]} Rd7 {[%clk 0:09:58]} 43. Nxg7 {[%clk 0:00:56]} 1/2-1/2

[Event "Poznan Chess Festival"]
[Site "chess24.com"]
[Date "2021.08.22"]
[Round "9"]
[White "Chojnacki, Krzysztof"]
[Black "Chaczynski, Kamil"]
[Result "1-0"]
[Board "3"]
[WhiteElo "2381"]
[WhiteTitle "IM"]
[WhiteCountry "POL"]
[WhiteFideId "1114115"]
[WhiteEloChange "2"]
[BlackElo "2040"]
[BlackCountry "POL"]
[BlackFideId "21807906"]
[BlackEloChange "-2"]

1. d4 {[%clk 1:30:56]} d5 {[%clk 1:30:43]} 2. c4 {[%clk 1:29:52]} c6 {[%clk
1:31:09]} 3. cxd5 {[%clk 1:28:37]} cxd5 {[%clk 1:31:32]} 4. Nc3 {[%clk 1:29:05]}
Nf6 {[%clk 1:28:15]} 5. Bf4 {[%clk 1:29:33]} e6 {[%clk 1:26:32]} 6. e3 {[%clk
1:28:42]} Bd6 {[%clk 1:23:03]} 7. Bxd6 {[%clk 1:28:34]} Qxd6 {[%clk 1:23:30]} 8.
Bd3 {[%clk 1:28:39]} Nc6 {[%clk 1:17:53]} 9. Rc1 {[%clk 1:26:08]} Bd7 {[%clk
1:15:00]} 10. f4 {[%clk 1:24:51]} Rc8 {[%clk 1:01:57]} 11. Nf3 {[%clk 1:19:35]}
a6 {[%clk 0:57:16]} 12. Ne5 {[%clk 1:16:35]} O-O {[%clk 0:49:02]} 13. O-O {[%clk
1:12:47]} Ne8 {[%clk 0:35:24]} 14. Kh1 {[%clk 0:57:55]} b5 {[%clk 0:28:29]} 15.
Qh5 {[%clk 0:53:37]} f5 {[%clk 0:26:46]} 16. g4 {[%clk 0:50:50]} Ne7 {[%clk
0:23:27]} 17. Rg1 {[%clk 0:47:06]} b4 {[%clk 0:21:35]} 18. Ne2 {[%clk 0:44:01]}
Rxc1 {[%clk 0:22:00]} 19. Nxc1 {[%clk 0:43:53]} Bb5 {[%clk 0:21:44]} 20. g5
{[%clk 0:42:23]} g6 {[%clk 0:18:13]} 21. Qe2 {[%clk 0:42:04]} Qb6 {[%clk
0:15:35]} 22. Bxb5 {[%clk 0:40:52]} Qxb5 {[%clk 0:15:57]} 23. Qxb5 {[%clk
0:40:50]} axb5 {[%clk 0:16:25]} 24. Ncd3 {[%clk 0:40:56]} Nd6 {[%clk 0:16:40]}
25. Nxb4 {[%clk 0:36:57]} Rc8 {[%clk 0:16:23]} 26. Ned3 {[%clk 0:35:03]} Kf7
{[%clk 0:11:15]} 27. Kg2 {[%clk 0:34:16]} Ke8 {[%clk 0:10:09]} 28. Kf3 {[%clk
0:32:34]} Nc6 {[%clk 0:08:05]} 29. Rc1 {[%clk 0:27:48]} Nc4 {[%clk 0:08:11]} 30.
Nxc6 {[%clk 0:26:08]} Rxc6 {[%clk 0:08:38]} 31. b3 {[%clk 0:25:18]} Nd2+ {[%clk
0:09:07]} 32. Ke2 {[%clk 0:25:37]} Rxc1 {[%clk 0:09:30]} 33. Nxc1 {[%clk
0:26:03]} Ne4 {[%clk 0:09:56]} 34. a3 {[%clk 0:22:56]} Kd7 {[%clk 0:09:32]} 35.
Nd3 {[%clk 0:22:39]} Kc6 {[%clk 0:09:40]} 36. Nc5 {[%clk 0:18:44]} Nxc5 {[%clk
0:08:09]} 37. dxc5 {[%clk 0:18:41]} Kxc5 {[%clk 0:08:38]} 38. Kd3 {[%clk
0:18:42]} Kc6 {[%clk 0:08:57]} 39. Kd4 {[%clk 0:19:01]} Kd6 {[%clk 0:09:22]} 40.
h3 {[%clk 0:17:11]} Kc6 {[%clk 0:09:45]} 41. Ke5 {[%clk 0:17:23]} Kc5 {[%clk
0:10:08]} 42. h4 {[%clk 0:17:37]} 1-0

[Event "Poznan Chess Festival"]
[Site "chess24.com"]
[Date "2021.08.22"]
[Round "9"]
[White "Piotrowski, Pawel"]
[Black "Maj, Pawel"]
[Result "1/2-1/2"]
[Board "4"]
[WhiteElo "2067"]
[WhiteCountry "POL"]
[WhiteFideId "1184415"]
[WhiteEloChange "1"]
[BlackElo "2113"]
[BlackCountry "POL"]
[BlackFideId "21818290"]
[BlackEloChange "-1"]

1. d4 {[%clk 1:30:58]} Nf6 {[%clk 1:30:54]} 2. c4 {[%clk 1:31:25]} g6 {[%clk
1:31:20]} 3. g3 {[%clk 1:31:45]} c6 {[%clk 1:31:45]} 4. Bg2 {[%clk 1:32:10]} d5
{[%clk 1:32:10]} 5. cxd5 {[%clk 1:32:37]} cxd5 {[%clk 1:32:36]} 6. Nf3 {[%clk
1:33:02]} Bg7 {[%clk 1:32:57]} 7. O-O {[%clk 1:33:17]} O-O {[%clk 1:33:13]} 8.
Ne5 {[%clk 1:33:39]} Bf5 {[%clk 1:33:03]} 9. Nc3 {[%clk 1:34:02]} Ne4 {[%clk
1:32:04]} 10. Qb3 {[%clk 1:30:37]} Nc6 {[%clk 1:27:36]} 11. Nxc6 {[%clk 1:30:26]}
bxc6 {[%clk 1:27:48]} 12. Nxe4 {[%clk 1:30:43]} dxe4 {[%clk 1:25:41]} 13. Rd1
{[%clk 1:24:18]} Rb8 {[%clk 1:19:31]} 14. Qa3 {[%clk 1:22:19]} e5 {[%clk
1:16:12]} 15. Qxa7 {[%clk 1:16:42]} exd4 {[%clk 1:12:44]} 16. Be3 {[%clk
1:16:21]} Rxb2 {[%clk 1:05:33]} 17. Bxd4 {[%clk 1:16:35]} Bxd4 {[%clk 1:05:56]}
18. Qxd4 {[%clk 1:16:01]} Qxd4 {[%clk 1:05:18]} 19. Rxd4 {[%clk 1:16:27]} Rxe2
{[%clk 0:59:09]} 20. Kf1 {[%clk 1:16:31]} 1/2-1/2

[Event "Poznan Chess Festival"]
[Site "chess24.com"]
[Date "2021.08.22"]
[Round "9"]
[White "Raczynski, Krzysztof"]
[Black "Michalski, Karol"]
[Result "1-0"]
[Board "5"]
[WhiteElo "2212"]
[WhiteCountry "POL"]
[WhiteFideId "1172549"]
[WhiteEloChange "5"]
[BlackElo "2010"]
[BlackCountry "POL"]
[BlackFideId "1110845"]
[BlackEloChange "-5"]

1. d4 {[%clk 1:30:56]} Nf6 {[%clk 1:30:20]} 2. Bf4 {[%clk 1:31:00]} d5 {[%clk
1:29:36]} 3. e3 {[%clk 1:31:07]} c5 {[%clk 1:29:42]} 4. c3 {[%clk 1:30:25]} Nc6
{[%clk 1:29:00]} 5. Nd2 {[%clk 1:30:19]} Bf5 {[%clk 1:28:52]} 6. Ngf3 {[%clk
1:24:33]} e6 {[%clk 1:17:27]} 7. Be2 {[%clk 1:21:56]} Qb6 {[%clk 1:11:47]} 8. Nh4
{[%clk 1:18:49]} Be4 {[%clk 1:10:47]} 9. f3 {[%clk 1:14:02]} Bg6 {[%clk 1:09:22]}
10. Qb3 {[%clk 1:05:06]} c4 {[%clk 1:05:44]} 11. Qxb6 {[%clk 1:04:17]} axb6
{[%clk 1:06:10]} 12. O-O {[%clk 1:03:43]} b5 {[%clk 1:06:11]} 13. a3 {[%clk
1:03:47]} Bc2 {[%clk 1:05:52]} 14. Rac1 {[%clk 1:02:34]} Ba4 {[%clk 1:06:17]} 15.
g4 {[%clk 1:01:30]} Be7 {[%clk 0:58:00]} 16. Ng2 {[%clk 1:00:53]} h5 {[%clk
0:54:27]} 17. g5 {[%clk 0:58:39]} Nh7 {[%clk 0:54:36]} 18. h4 {[%clk 0:58:35]} f6
{[%clk 0:55:02]} 19. gxf6 {[%clk 0:57:06]} gxf6 {[%clk 0:55:08]} 20. Bg3 {[%clk
0:56:30]} Rg8 {[%clk 0:52:30]} 21. Kh2 {[%clk 0:56:04]} Kd7 {[%clk 0:50:20]} 22.
e4 {[%clk 0:53:25]} Bd6 {[%clk 0:49:47]} 23. Bxd6 {[%clk 0:48:44]} Kxd6 {[%clk
0:49:59]} 24. f4 {[%clk 0:49:01]} Ne7 {[%clk 0:49:30]} 25. e5+ {[%clk 0:47:51]}
Kc7 {[%clk 0:49:45]} 26. Bxh5 {[%clk 0:46:32]} Nf5 {[%clk 0:49:55]} 27. Bf7
{[%clk 0:45:07]} Kd7 {[%clk 0:48:33]} 28. Bxg8 {[%clk 0:44:15]} Rxg8 {[%clk
0:48:57]} 29. Rf3 {[%clk 0:41:32]} fxe5 {[%clk 0:38:38]} 30. fxe5 {[%clk
0:40:58]} Rxg2+ {[%clk 0:38:50]} 31. Kxg2 {[%clk 0:41:15]} Nxh4+ {[%clk 0:39:18]}
32. Kg3 {[%clk 0:40:31]} Nxf3 {[%clk 0:39:44]} 33. Nxf3 {[%clk 0:39:17]} Ke7
{[%clk 0:39:36]} 34. Kg4 {[%clk 0:38:09]} Nf8 {[%clk 0:39:42]} 35. Kg5 {[%clk
0:37:53]} Nd7 {[%clk 0:39:55]} 36. Kg6 {[%clk 0:37:55]} Nb6 {[%clk 0:39:34]} 37.
Kg7 {[%clk 0:36:54]} Bb3 {[%clk 0:39:26]} 38. Nh4 {[%clk 0:36:38]} Na4 {[%clk
0:39:47]} 39. Ng6+ {[%clk 0:36:53]} Ke8 {[%clk 0:40:02]} 40. Kf6 {[%clk 0:36:18]}
Kd7 {[%clk 0:39:45]} 41. Nf8+ {[%clk 0:36:36]} Kc6 {[%clk 0:40:08]} 42. Nxe6
{[%clk 0:36:24]} Nxb2 {[%clk 0:40:34]} 43. Nd8+ {[%clk 0:35:42]} Kd7 {[%clk
0:40:56]} 44. Nf7 {[%clk 0:35:57]} Nd3 {[%clk 0:41:14]} 45. e6+ {[%clk 0:36:06]}
Kc7 {[%clk 0:41:38]} 46. Rf1 {[%clk 0:36:04]} b4 {[%clk 0:41:56]} 47. axb4 {[%clk
0:36:20]} Ba4 {[%clk 0:42:09]} 48. Ne5 {[%clk 0:35:38]} Kd6 {[%clk 0:31:58]} 49.
e7 {[%clk 0:34:30]} Be8 {[%clk 0:31:38]} 50. Nxd3 {[%clk 0:34:28]} cxd3 {[%clk
0:32:05]} 51. Rd1 {[%clk 0:34:46]} Bb5 {[%clk 0:32:00]} 52. Rxd3 {[%clk 0:34:47]}
Bxd3 {[%clk 0:32:27]} 53. e8=Q {[%clk 0:35:07]} Bc4 {[%clk 0:32:35]} 54. Qe7+
{[%clk 0:35:18]} Kc6 {[%clk 0:32:59]} 55. Qc5+ {[%clk 0:35:33]} Kd7 {[%clk
0:33:21]} 56. b5 {[%clk 0:35:51]} Bb3 {[%clk 0:33:30]} 57. b6 {[%clk 0:36:13]}
1-0

[Event "Poznan Chess Festival"]
[Site "chess24.com"]
[Date "2021.08.22"]
[Round "9"]
[White "Zakrzewski, Marek"]
[Black "Szymanski, Zbigniew"]
[Result "1-0"]
[Board "6"]
[WhiteElo "2295"]
[WhiteTitle "FM"]
[WhiteCountry "POL"]
[WhiteFideId "1170694"]
[WhiteEloChange "2"]
[BlackElo "1793"]
[BlackCountry "POL"]
[BlackFideId "1180916"]
[BlackEloChange "-2"]

1. e4 {[%clk 1:30:57]} d6 {[%clk 1:30:53]} 2. d4 {[%clk 1:31:21]} Nf6 {[%clk
1:31:18]} 3. Nc3 {[%clk 1:31:45]} c6 {[%clk 1:31:42]} 4. f4 {[%clk 1:32:05]} Qa5
{[%clk 1:31:14]} 5. e5 {[%clk 1:32:27]} Ne4 {[%clk 1:30:51]} 6. Qf3 {[%clk
1:32:51]} Nxc3 {[%clk 1:27:49]} 7. Bd2 {[%clk 1:33:00]} d5 {[%clk 1:25:10]} 8.
Bxc3 {[%clk 1:30:18]} Qb6 {[%clk 1:24:59]} 9. f5 {[%clk 1:29:47]} e6 {[%clk
1:20:57]} 10. f6 {[%clk 1:20:12]} g6 {[%clk 1:18:28]} 11. a4 {[%clk 1:19:20]} a5
{[%clk 1:11:44]} 12. Qf2 {[%clk 1:10:23]} c5 {[%clk 1:06:33]} 13. Nf3 {[%clk
1:10:38]} Bd7 {[%clk 1:03:11]} 14. dxc5 {[%clk 1:04:18]} Bxc5 {[%clk 1:02:05]}
15. Bd4 {[%clk 1:04:36]} Na6 {[%clk 0:54:45]} 16. Bxa6 {[%clk 1:03:19]} Bxd4
{[%clk 0:54:33]} 17. Qxd4 {[%clk 1:03:42]} Rxa6 {[%clk 0:51:49]} 18. b3 {[%clk
1:01:35]} Qxd4 {[%clk 0:41:15]} 19. Nxd4 {[%clk 1:01:32]} O-O {[%clk 0:41:32]}
20. Kd2 {[%clk 1:00:25]} Rb8 {[%clk 0:40:00]} 21. Rhe1 {[%clk 1:00:00]} Rc8
{[%clk 0:34:47]} 22. Re3 {[%clk 0:59:23]} Raa8 {[%clk 0:34:15]} 23. Rf1 {[%clk
0:55:31]} Rc5 {[%clk 0:28:51]} 24. Rf4 {[%clk 0:35:32]} Rac8 {[%clk 0:21:26]} 25.
Rh4 {[%clk 0:31:26]} b5 {[%clk 0:19:48]} 26. Rh6 {[%clk 0:29:56]} 1-0

[Event "Poznan Chess Festival"]
[Site "chess24.com"]
[Date "2021.08.22"]
[Round "9"]
[White "Lanin, Boris Dr"]
[Black "Sobczak, Miroslaw"]
[Result "1-0"]
[Board "8"]
[WhiteElo "1949"]
[WhiteCountry "RUS"]
[WhiteFideId "4198166"]
[WhiteEloChange "5"]
[BlackElo "1748"]
[BlackCountry "POL"]
[BlackFideId "1114182"]
[BlackEloChange "-5"]

1. e4 {[%clk 1:26:20]} e6 {[%clk 1:30:44]} 2. Nf3 {[%clk 1:25:32]} d5 {[%clk
1:30:54]} 3. e5 {[%clk 1:25:57]} c5 {[%clk 1:30:51]} 4. b4 {[%clk 1:23:23]} cxb4
{[%clk 1:30:14]} 5. a3 {[%clk 1:23:26]} bxa3 {[%clk 1:22:23]} 6. Bxa3 {[%clk
1:22:53]} Bxa3 {[%clk 1:19:15]} 7. Nxa3 {[%clk 1:22:48]} Bd7 {[%clk 1:19:44]} 8.
c3 {[%clk 1:22:11]} f5 {[%clk 1:16:30]} 9. h4 {[%clk 1:21:38]} Nh6 {[%clk
0:47:34]} 10. d4 {[%clk 1:18:43]} Nf7 {[%clk 0:44:59]} 11. Bd3 {[%clk 1:14:50]}
Na6 {[%clk 0:42:43]} 12. Qd2 {[%clk 1:06:35]} Rc8 {[%clk 0:42:09]} 13. Nb5 {[%clk
1:01:51]} Rc6 {[%clk 0:35:07]} 14. Ng5 {[%clk 1:00:44]} Nxg5 {[%clk 0:30:51]} 15.
hxg5 {[%clk 1:00:38]} O-O {[%clk 0:31:19]} 16. Nd6 {[%clk 0:58:30]} Qc7 {[%clk
0:26:19]} 17. g6 {[%clk 0:57:41]} Be8 {[%clk 0:26:43]} 18. Nxe8 {[%clk 0:56:13]}
Rxe8 {[%clk 0:27:12]} 19. Rxh7 {[%clk 0:55:36]} Rxc3 {[%clk 0:26:53]} 20. Ke2
{[%clk 0:55:16]} Rxd3 {[%clk 0:23:14]} 21. Qxd3 {[%clk 0:54:55]} Nb4 {[%clk
0:23:43]} 22. Rah1 {[%clk 0:50:54]} Kf8 {[%clk 0:23:11]} 23. Rh8+ {[%clk
0:49:58]} Ke7 {[%clk 0:23:39]} 24. Rxe8+ {[%clk 0:50:17]} Kxe8 {[%clk 0:24:07]}
25. Qb5+ {[%clk 0:50:29]} Nc6 {[%clk 0:24:27]} 26. Rh8+ {[%clk 0:50:40]} Kd7
{[%clk 0:24:53]} 27. Rg8 {[%clk 0:50:39]} a6 {[%clk 0:24:21]} 28. Qc5 {[%clk
0:49:59]} Nxd4+ {[%clk 0:22:37]} 29. Qxd4 {[%clk 0:49:26]} Qc2+ {[%clk 0:23:06]}
30. Kf3 {[%clk 0:44:09]} Qb3+ {[%clk 0:19:09]} 31. Kf4 {[%clk 0:41:48]} 1-0

[Event "Poznan Chess Festival"]
[Site "chess24.com"]
[Date "2021.08.22"]
[Round "9"]
[White "Kowalewicz, Kacper"]
[Black "Glatty, Zbigniew"]
[Result "1/2-1/2"]
[Board "9"]
[WhiteElo "1778"]
[WhiteCountry "POL"]
[WhiteFideId "1151339"]
[WhiteEloChange "2"]
[BlackElo "1840"]
[BlackCountry "POL"]
[BlackFideId "1171305"]
[BlackEloChange "-2"]

1. Nf3 {[%clk 1:30:54]} Nf6 {[%clk 1:30:54]} 2. g3 {[%clk 1:31:14]} d5 {[%clk
1:30:44]} 3. Bg2 {[%clk 1:31:31]} Bf5 {[%clk 1:30:26]} 4. d3 {[%clk 1:31:26]} e6
{[%clk 1:29:23]} 5. Nbd2 {[%clk 1:31:50]} Bd6 {[%clk 1:28:45]} 6. O-O {[%clk
1:32:08]} O-O {[%clk 1:28:57]} 7. Re1 {[%clk 1:32:30]} Bg6 {[%clk 1:27:54]} 8. c4
{[%clk 1:32:11]} c6 {[%clk 1:27:45]} 9. Rb1 {[%clk 1:28:41]} h6 {[%clk 1:18:56]}
10. b4 {[%clk 1:28:12]} b5 {[%clk 1:15:20]} 11. c5 {[%clk 1:26:53]} Bc7 {[%clk
1:15:42]} 12. Bb2 {[%clk 1:27:00]} a5 {[%clk 1:14:55]} 13. a3 {[%clk 1:27:24]}
Qe7 {[%clk 1:09:55]} 14. Ne5 {[%clk 1:25:56]} Bh7 {[%clk 1:09:46]} 15. Ra1 {[%clk
1:21:34]} a4 {[%clk 1:09:00]} 16. Ndf3 {[%clk 1:19:26]} Rd8 {[%clk 1:03:07]} 17.
e3 {[%clk 1:17:51]} Nfd7 {[%clk 1:01:55]} 18. Bh3 {[%clk 1:16:35]} Nxe5 {[%clk
0:59:12]} 19. Bxe5 {[%clk 1:07:30]} 1/2-1/2